书目信息 |
| 题名: |
艺术真实十题
|
|
| 作者: | 马玉田 著 | |
| 分册: | ||
| 出版信息: | 北京 文化艺术出版社 1983 |
|
| 页数: | 95页 | |
| 开本: | 19cm | |
| 丛书名: | 文艺理论小丛书 | |
| 单 册: | ||
| 中图分类: | J022 | |
| 科图分类: | ||
| 主题词: | 生活真实和艺术真实 , 艺术理论--基本问题 | |
| 电子资源: | ||
| ISBN: | ||
| 000 | 00717nam2 2200265 45 | |
| 001 | 0183007582 | |
| 005 | 20060820112146.07 | |
| 010 | @dCNY0.29 | |
| 091 | @a10228.055 | |
| 100 | @a19950609d1983 em y0chiy0121 ea | |
| 101 | 0 | @achi |
| 102 | @aCN@b110000 | |
| 105 | @ay z 000yy | |
| 200 | 10 | @a艺术真实十题@Ayi shu zhen shi shi ti@f马玉田等著@FMa Yu Tian Deng Zhu |
| 210 | @a北京@c文化艺术出版社@d1983 | |
| 215 | @a95页@d19cm | |
| 225 | 2 | @a文艺理论小丛书 |
| 410 | 0 | @120010@a文艺理论小丛书 |
| 606 | @a生活真实和艺术真实 | |
| 606 | 0 | @a艺术理论@x基本问题 |
| 690 | @aJ022@v3 | |
| 701 | 0 | @a马玉田@Ama yu tian@4著 |
| 801 | 0 | @aCN@b上海图书馆@c20060820 |
| 801 | 2 | @aCN@bNLC@c20060811 |
| 905 | @dJ022@e23 | |
| 艺术真实十题/马玉田等著.-北京:文化艺术出版社,1983 |
| 95页;19cm.-(文艺理论小丛书) |
| ISBN :CNY0.29 |
| ● |
| 相关链接 |
|
|
|
|
正题名:艺术真实十题
索取号:J022/23
 
预约/预借
| 序号 | 登录号 | 条形码 | 馆藏地/架位号 | 状态 | 备注 |
| 1 | 0097624 | 202336631 | 密集书库/ [索取号:J022/23] | 在馆 | |
| 2 | 0097625 | 001215955 | 第一借阅区/ [索取号:J022/23] | 在馆 | |
| 3 | 0097626 | 001215964 | 第一样本阅览室/ [索取号:J022/23] | 在馆 | |
| 4 | 0421980 | 204219808 | 密集书库/ [索取号:J022/23] | 在馆 | |
| 5 | 0455591 | 204555917 | 密集书库/ [索取号:J022/23] | 在馆 | |
| 6 | 0467176 | 204671765 | 密集书库/ [索取号:J022/23] | 在馆 |